| 000 | 00562nam a22001817a 4500 | ||
|---|---|---|---|
| 003 | 0 | ||
| 005 | 20231227143248.0 | ||
| 008 | 231227b xxu||||| |||| 00| 0 eng d | ||
| 020 | _a978-621-409-129-4 | ||
| 050 |
_aR 724 _bEt84 2019 |
||
| 082 |
_aR 724 _bEt84 2019 |
||
| 245 | _aEthics :exploring moral philosphy with chapter on social media ethics | ||
| 260 |
_aMandaluyong City _bBooks Atbp. Publishing Corp. _cc2019. |
||
| 300 |
_a246 pages ; _c26cm. |
||
| 504 | _aIncludes bibliographical references and index. | ||
| 650 | _aEthics. | ||
| 942 |
_2lcc _cBK |
||
| 999 |
_c365796 _d365796 |
||